000 00687nam a2200169 a 4500
008 070608s2007 ||||||||||||||||| || u
050 _aNEWSPAPER
110 _aTimes of Zambia Newspapers
245 1 0 _aUNZA students riot
_cstory bt Times Reporter
260 _aLusaka
_bTimes Printpak Zambia Ltd
_c2007
300 _app. 3, TOP, middle columns.
350 _a0.00
500 _aTimes of Zambia, Friday, June 8, 2007
650 _aMANAGEMENT INFORMATION SYSTEMS
650 _aUNIVERSITIES AND COLLEGES--ZAMBIA--STUDENT RIOTS
995 _D0.00
_FCBU-MAIN LIBRARY (Kitwe)
_H1
_I0.00
_M1
_UAVAILABLE
_WJun 8, 2007
_ZUniversity Collection
999 _c60950
_d60950